|
|
|
|
| LEADER |
00000nkm a2200000 a 4500 |
| 001 |
vtls011770795 |
| 003 |
SK-MaSNL |
| 005 |
20260512122301.0 |
| 007 |
kp ho |
| 008 |
230706q1869 xo g kuhun |
| 015 |
|
|
|a SNBG
|
| 035 |
|
|
|a urn:nbn:sk:snk-km00dom4
|
| 035 |
|
|
|a urn:nbn:sk:snk-km3lyog
|
| 035 |
|
|
|a A53AE3B6-0ACB-44C5-90CE-E526CF6E7CF3
|
| 040 |
|
|
|a SNK
|b slo
|c SNK
|e AACR2
|
| 041 |
0 |
|
|a hun
|
| 043 |
|
|
|a e-xo---
|
| 044 |
|
|
|a xo
|c SK
|
| 072 |
|
7 |
|a 913
|x Regionálna geografia
|2 konspekt
|
| 072 |
|
7 |
|a 373.5/.6
|x Stredné školy
|2 konspekt
|
| 080 |
|
|
|a 913(437.6)
|2 2011
|
| 080 |
|
|
|a 373.5
|2 2011
|
| 080 |
|
|
|a 94(084.121)
|2 2011
|
| 245 |
0 |
0 |
|a Igló
|h grafika
|b Gymnázium
|
| 260 |
|
|
|a Igló
|b Ferencz D.
|c [medzi 1869 a 1907?]
|
| 300 |
|
|
|a 1 pohľadnica
|b kolorovaná
|c 9 x 14 cm
|
| 500 |
|
|
|a Názvové údaje prevzaté z obrazovej časti pohľadnice
|
| 520 |
8 |
|
|a Zobrazenie: Pohľad na budovu spredu, pred ňou tri stromčeky a jeden stĺp elektrického vedenia, ktorý je napravo
|
| 650 |
0 |
7 |
|a gymnáziá
|2 SNKPH
|9 16386
|
| 651 |
|
7 |
|a Spišská Nová Ves (Slovensko)
|2 SNKPHgeo
|9 28800
|
| 655 |
|
7 |
|a miestne pohľadnice
|2 SNKPH
|9 70510
|
| 655 |
|
7 |
|a historické pohľadnice
|2 SNKPH
|9 159703
|
| 752 |
|
|
|a Slovensko
|d Spišská Nová Ves
|
| 852 |
|
|
|a Slovenská národná knižnica
|
| 958 |
|
|
|a ONDV
|
| 958 |
|
|
|a GBN
|
| 958 |
|
|
|a GC
|
| 999 |
|
|
|c 598608
|d 600538
|
| 952 |
|
|
|a SNK
|b SNK
|y PREZ
|7 0
|p 17A1223573
|o snkSP 21692
|0 0
|1 0
|4 0
|d 2018-08-06
|f 1
|l 0
|r 2026-02-23 15:46:44
|w 2026-02-23
|